Statistics for Cities with a Premiership club on a map.

Click here to take the quiz!

General Stats

  • This quiz has been taken 44 times
    (3 since last reset)
  • The average score is 9 of 11

Answers on the Map

Answers color-coded by a green-red scale on the quiz's map according to % correct below.
 

Answer Stats

Cities% Correct
Bath
100%
Gloucester
100%
London
100%
Newcastle
100%
Northampton
100%
Salford
100%
Bristol
67%
Coventry
67%
Exeter
67%
Leicester
67%
Worcester
33%

Score Distribution

Percentile by Number Answered

Percent of People with Each Score

Your Score History

You have not taken this quiz since the last reset